Регионална библиотека "Любен Каравелов" - Русе

Атанас Буров (Запис номер 117748)

MARC детайли
000 -Лидер
Контролно поле с фиксирана дължина 02160nam a2200445 a 4500
003 - Код на организацията, давaща контролен номер
Контролно поле BLK
005 - Дата и час на последна редакция
Контролно поле 20250119004125.0
008 - Елементи от данни с фиксирана дължина
fixed length control field 180409b bul|||||r ||||||| ||bul||
010 ## - Наследен системен номер
LC control number KNG00123345000
020 ## - Международен стандартен номер на книга ISBN
Международен стандартен номер на книга ISBN 954-8075-01-6
040 ## - Източник на каталожния запис
Идентификатор на билиотеката - собственик на записа BLK
041 ## - Код за език
Код за езика на текст/звукозапис или на отделно заглавие Български
Код за езика КДБФ Български
080 ## - УДК
Текстов определител УДК България през периода на общата криза на капитализма (1918-1944)
УДК код - определител по УДК 94(497.2)"1918/1945"
УДК определител (092)
УДК - код + определител 94(497.2)"1918/1945"(092)
080 ## - УДК
Текстов определител УДК Банки. Банково дело - Банкови операции
УДК код - определител по УДК 336.71
УДК определител (497.2)(092)
УДК - код + определител 336.71(497.2)(092)
080 ## - УДК
Текстов определител УДК Български банкер, политик
УДК код - определител по УДК 929 Буров, Атанас Димитров
УДК - код + определител 929 Буров, Атанас Димитров
100 1# - Редна дума - Автор
Автор Александров, Валентин Георгиев
Авторска отговорност първи автор
R(LIN) 269749
139 ## - Редно поле
Редна дума Александров, Валентин Георгиев
Авторски знак Бурм - Б 89
245 10 - Сведения за заглавието
Заглавие Атанас Буров
Подзаглавни данни Банкер, политик, дипломат : Полит. биогр.
Редно поле (дума) Валентин Георгиев Александров; предг. от Георги Георгиев Марков.
257 ## - Страна на издаване
Страна на създаване/издаване България
260 ## - Област на издателските данни
Място на издаване, разпространение и проч. София
Име на издателя, разпространителя и проч. сп. Антени
Година на издаване 1992
300 ## - Физическа характеристика
Страници 128 с.
Илюстрации и др. с ил. , портр. , факс.
Размери/Мащаб 22 см
380 ## - Жанр
Жанр Обществени науки
600 14 - Име на лице, използвано като предмет
За него / За нея Буров, Атанас Димитров
9 (RLIN) 245256
650 #4 - Допълнително описание по предмет – тема
Основно описание – тема или топоним Политици, български
9 (RLIN) 242530
650 #0 - Допълнително описание по предмет – тема
Основно описание – тема или топоним България - история, нова
9 (RLIN) 241998
650 #4 - Допълнително описание по предмет – тема
Основно описание – тема или топоним Буров, Атанас Димитров
9 (RLIN) 245256
651 #4 - Допълнително описание по предмет - топоним
Географско понятие България
9 (RLIN) 241624
653 ## - Ключова дума – ненормативна
Ключова дума банкери
653 ## - Ключова дума – ненормативна
Ключова дума дипломати
653 ## - Ключова дума – ненормативна
Ключова дума Атанас Буров
653 ## - Ключова дума – ненормативна
Ключова дума политици
700 1# - Други автори (авторска отговорност)
Лично име Марков, Георги Георгиев
Автороска отговорност (Описва отношението между автора и произведението) предг. от
9 (RLIN) 364352
852 ## - Местоположение
Форматна сигнатура Цб 168848
Фондова буква Хранилище
856 4# - Електронен адрес и достъп
Електронен формат pdf - файл
Инструкция (цена за достъп) 0.00
Права за достъп disable
856 4# - Електронен адрес и достъп
Електронен формат pdf - файл
Инструкция (цена за достъп) 0.00
Права за достъп disable
999 ## - СИСТЕМНИ КОНТРОЛНИ НОМЕРА
Koha biblionumber 117748
Koha biblioitemnumber 117748
942 ## - АРТИКУЛИ
Вид на библиотечния материал Книги
Скрит в OPAC Не
Koha issues (borrowed), all copies 4
Периодичен библиозапис Да
944 ## - СЪЗДАВАНЕ И РЕДАКЦИЯ на ЗАПИСА
Създаване/Редакция Създаване
Дата на регистрацията/редакция 13.05.2011
Статус, дата на статуса CRON CRON
Служител, извършил регистрацията/редакцията
944 ## - СЪЗДАВАНЕ И РЕДАКЦИЯ на ЗАПИСА
Създаване/Редакция Редакция
Дата на регистрацията/редакция 13.05.2011
Статус, дата на статуса добави в АБ / 12.05.2011
999 ## - СИСТЕМНИ КОНТРОЛНИ НОМЕРА
Koha biblioitemnumber 117748
Наличности
Код за отписване Код за изгубен артикул Източник на класификационната схема Код за повреда Коз за рестрикции Код за отдаване Артикулен № Име на библиотеката - собственик Име на библиотеката, в която се намира в момента Статус (Текущо местоположение) Дата на вписване в системата Местоположение - отдел Цена в лева Инвентарен номер Систематично азбучна сигнатура Баркод Номер на екземпляра Цена в евро Служебна бележка Служебен тип на артикула
  Не е изгубен Universal Decimal Classification Не е повреден без рестрикции ползва се в читалня 189930 Регионална библиотека "Любен Каравелов" Русе Регионална библиотека "Любен Каравелов" Русе Хранилище 1992-01-01 Хранилище 11.98 568121 Цб 168848 120000568121 1 6.13 Дост: Dp Вид: Д N: стар фонд Дата: 01.01.1992 Книги
Изтеглен Не е изгубен Universal Decimal Classification Не е повреден без рестрикции заемане за дома 189931 Регионална библиотека "Любен Каравелов" Русе Регионална библиотека "Любен Каравелов" Русе Заемна - подръчен фонд 1992-01-01 Заемна - подръчен фонд 11.98 570773 П 949.72.053(092)/Б 89 570773 2 6.13 Дост: Pk Вид: Ф N: стар фонд Дата: 01.01.1992 Книги
  Не е изгубен Universal Decimal Classification Не е повреден без рестрикции заемане за дома 189932 Регионална библиотека "Любен Каравелов" Русе Регионална библиотека "Любен Каравелов" Русе Заемна - подръчен фонд 1992-01-01 Заемна - подръчен фонд 2.00 655209 94(497.2)"1918/1945"/Б 89 А 120000655209 3 1.02 Дост: Pk Вид: Ф N: стар фонд Дата: 01.01.1992 Дата инв: 08.02.2018 Бележки инв: П2018 Книги
Изтеглен Не е изгубен Universal Decimal Classification Не е повреден без рестрикции заемане за дома 189933 Регионална библиотека "Любен Каравелов" Русе Регионална библиотека "Любен Каравелов" Русе Заемна - подръчен фонд 1992-01-01 Заемна - подръчен фонд 2.00 570774 94(497.2)"1918/1945"/Б 89 А 570774 4 1.02 Дост: Pk Вид: Ф N: стар фонд Дата: 01.01.1992 Книги
Vip Innovations Ltd, Rousse, Bulgaria 2025